[Event "23rd OIBM 2019"]
[Site "Gmund am Tegernsee"]
[Date "2019.10.28"]
[Round "3.9"]
[White "Shevchenko, Kirill"]
[Black "Zajogin, Alexander"]
[Result "1/2-1/2"]
[WhiteElo "2542"]
[BlackElo "2426"]
[Annotator "TA"]
[PlyCount "124"]
[EventDate "2019.10.17"]
[EventType "swiss"]
[EventCountry "GER"]
[SourceTitle "playchess.com"]
[Source "ChessBase"]
[SourceQuality "1"]

{[%evp 12,124,25,17,31,35,29,26,29,26,25,0,0,0,0,0,0,0,3,2,0,-20,-6,0,-19,-32,-24,-50,-51,-48,-36,-53,-39,-62,-60,-116,-102,-130,-118,-136,-129,-114,-104,-137,-130,-137,-139,-152,-110,-138,-72,-66,-55,-66,-54,-63,-26,-33,-36,-36,0,0,0,-10,0,0,0,-25,0,-37,-33,-35,-28,-33,-32,-32,-24,-39,-39,-35,-31,-32,-33,-36,-28,-27,-29,-29,-25,-79,-12,-62,-62,-71,-71,-71,-71,-71,-71,-71,-71,-71,-70,-71,0,0,0,0,0,0,0,0,0,0,0]} 1. e4 e5 2. Nf3 Nc6 3. Bb5 Nf6 4. O-O Nxe4 5. Re1 Nd6 6. Nxe5 Be7 7. Bf1 Nf5 {C67: Ruy Lopez: Berlin Defence: 4 0-0 Nxe4} (7... Nxe5 8. Rxe5 O-O 9. d4 Bf6 10. Re1 Re8 11. c3 Rxe1 12. Qxe1 Qe8 13. Qxe8+ Nxe8 14. Bf4 d5 15. Nd2 Be7 16. Re1 Kf8 17. Bd3 Bd6 18. Bxd6+ Nxd6 {½-½ (25) Mamedyarov,S (2767)-Radjabov,T (2758) Khanty-Mansiysk 2019}) 8. Nf3 O-O 9. d4 d5 {White has an edge.} 10. g3 Bd6 11. Nc3 Bb4 $146 ({Predecessor:} 11... Nfe7 12. Nb5 Bf5 13. Nxd6 Qxd6 14. Nh4 Be6 15. c3 {1-0 (35) Baklan,V (2654)-Grandelius,N (2515) Reykjavik 2010}) 12. Bg2 Nce7 13. Qe2 Ng6 14. Bd2 c6 15. h4 Nd6 16. h5 Re8 17. Qf1 Nf8 {[%cal Bg6f8,Bf8e6,Be6g5,Bg5e4][%mdl 32]} 18. Rxe8 Nxe8 19. h6 g6 20. Re1 {[#] Hoping for Nxd5!} Ne6 21. Qd3 Bf8 22. Ne2 Nd6 23. Nh2 ({Better is} 23. c3 $15) 23... Ng5 $17 24. Nf4 Bxh6 25. Qe2 Bg7 26. c3 Bf5 27. Ng4 Nge4 28. Bc1 Qa5 29. Nd3 Bxg4 30. Qxg4 f5 (30... Qxa2 $142 31. Qd7 Qa5) 31. Qd1 Re8 32. Bf4 {White wants to play f3.} Nf7 ({Much weaker is} 32... Qxa2 $6 33. f3 $14) 33. Nc5 b6 ({Much worse is} 33... Qxa2 34. f3 $11) 34. Nxe4 dxe4 35. f3 {[%cal Rf3e4]} Qxa2 (35... c5 {keeps more tension.} 36. fxe4 cxd4 37. exf5 Rxe1+ 38. Qxe1 dxc3 39. Qe8+ Bf8) 36. fxe4 fxe4 37. Qc2 c5 38. dxc5 bxc5 39. Bxe4 Qc4 40. Qb1 Kf8 41. Bc6 {[%csl Gc6][%cal Re1e8]} Re6 42. Bg2 Bh6 43. Bxh6+ Nxh6 44. Rf1+ Kg7 45. Qd1 Qe2 46. Qxe2 ({Don't play} 46. Qd8 Qe3+ 47. Kh2 (47. Kh1 $2 Nf5 $17) 47... Nf5 $17) 46... Rxe2 $15 {[%mdl 4096] Endgame KRB-KRN} 47. Ra1 Rxb2 48. Rxa7+ Kf6 49. Rxh7 Ng4 {...Rb1+ is the strong threat.} 50. Be4 {[#]} (50. Bh3 $11 Ne5 51. Rc7) 50... Rb3 (50... Re2 $1 $17 {[%cal Re2e4]} 51. Bd5 Rc2) 51. Rc7 (51. Rf7+ $5 Kg5 52. Rf3 $15) 51... Rxc3 52. Rc6+ Ke5 53. Bxg6 Kd5 54. Ra6 Rxg3+ 55. Kf1 Ne5 56. Bb1 Kd4 57. Ra4+ Nc4 (57... c4 $17) 58. Ba2 $1 $11 {The position is equal.} Rc3 59. Ke2 Rc2+ 60. Kd1 Kd3 {( -> ...Ne3+)} 61. Bxc4+ Rxc4 62. Rxc4 Kxc4 {Accuracy: White = 61%, Black = 68%.} 1/2-1/2

[Event "23rd OIBM 2019"]
[Site "Gmund am Tegernsee"]
[Date "2019.10.28"]
[Round "3.10"]
[White "Weber, Ulrich"]
[Black "Nasuta, Grzegorz"]
[Result "1-0"]
[WhiteElo "2360"]
[BlackElo "2534"]
[Annotator "TA"]
[PlyCount "65"]
[EventDate "2019.10.17"]
[EventType "swiss"]
[EventCountry "GER"]
[SourceTitle "playchess.com"]
[Source "ChessBase"]
[SourceQuality "1"]

{[%evp 16,65,-13,-9,0,0,0,-22,13,20,17,20,29,22,36,-41,-33,-51,0,4,44,44,266,252,464,459,445,411,499,491,530,535,543,525,517,519,833,822,1912,1073,1181,1212,1972,1310,1267,1004,1580,1252,1908,1869,1718,1658]} 1. Nf3 c5 2. g3 Nc6 3. Bg2 e5 4. c4 g6 5. Nc3 Bg7 6. O-O Nge7 7. Ne1 d6 8. Nc2 Be6 9. Ne3 h5 {A37: Symmetrical English vs ...g6: 4 Bg2 Bg7 5 Nf3} (9... O-O 10. Ned5 Rb8 11. d3 a6 12. Bg5 f6 13. Bd2 b5 14. Rb1 b4 15. Na4 Bf7 16. a3 a5 17. axb4 axb4 18. b3 Nxd5 19. cxd5 {0-1 (41) Caruana,F (2829)-Nakamura,H (2775) London 2014}) 10. d3 h4 11. Ne4 $146 ({Predecessor:} 11. Ned5 f6 12. Qe1 Qd7 13. f4 O-O-O 14. fxe5 fxe5 15. gxh4 {1-0 (33) Yu,J (2157)-Melekhina,A (2205) Saint Louis 2016}) 11... hxg3 {The position is equal.} 12. fxg3 f5 13. Ng5 Bg8 14. Rb1 d5 15. Qa4 (15. cxd5 $14 Nxd5 16. Qb3) 15... dxc4 $1 $15 16. Nxc4 a6 (16... Rb8 $15 17. Ne3 Qd7) 17. Qa3 $1 $36 {[%mdl 2048] White has some pressure.} e4 18. Bf4 {aiming for Nd6+.} Nd5 $2 ({Black should try} 18... Bxc4 $14 19. dxc4 Qd4+ {[%mdl 64] Double Attack} 20. e3 Qxc4) 19. Nd6+ $18 {[%mdl 64] [#] Double Attack} Kf8 $2 (19... Kd7) 20. Nxb7 {[%mdl 64] Double Attack} Qb6 21. Bd6+ {[%mdl 64] Double Attack} Ke8 22. dxe4 {White is clearly winning.} Bd4+ 23. Kh1 Ne3 24. Bxc5 Bxc5 25. Nxc5 ({Less strong is} 25. Qxc5 Qxc5 26. Nxc5 Nxf1 $16) 25... Nc4 (25... Nxf1 $142 26. Rxf1 Rd8) 26. Qc3 Rh5 27. Nce6 Bxe6 28. Nxe6 Rxh2+ 29. Kxh2 N6e5 30. Nd4 Qa7 31. Rf4 Rd8 32. exf5 g5 33. Re4 {Accuracy: White = 59%, Black = 25%.} 1-0

[Event "23rd OIBM 2019"]
[Site "Gmund am Tegernsee"]
[Date "2019.10.28"]
[Round "3.11"]
[White "Prusikin, Michael"]
[Black "Meins, Gerlef"]
[Result "1/2-1/2"]
[WhiteElo "2521"]
[BlackElo "2415"]
[Annotator "TA"]
[PlyCount "75"]
[EventDate "2019.10.17"]
[EventType "swiss"]
[EventCountry "GER"]
[SourceTitle "playchess.com"]
[Source "ChessBase"]
[SourceQuality "1"]

{[%evp 19,75,42,41,35,42,39,51,50,75,74,74,39,38,38,43,33,45,46,46,45,45,44,51,13,16,17,20,11,34,14,26,13,31,2,50,0,0,0,0,0,0,0,0,0,0,0,0,0,0,0,0,0,0,0,0,0,0,0]} 1. e4 c5 2. Nf3 d6 3. Bb5+ Bd7 4. Bxd7+ Qxd7 5. c4 Nf6 6. Nc3 Nc6 7. d4 cxd4 8. Nxd4 Qg4 9. Qxg4 Nxg4 10. Nxc6 bxc6 11. Bf4 {B52: Sicilian: Moscow Variation with 3...Bd7} e6 $146 ({Predecessor:} 11... g5 12. Bxg5 Ne5 13. b3 Rg8 14. Bh4 Rg4 15. Bg3 Bg7 16. Kd2 Ng6 17. Rae1 h5 18. h3 Rg5 {½-½ (29) Bruzon Batista,L (2689)-Gelashvili,T (2572) Arlington 2013}) 12. Ke2 Be7 13. Rhd1 {White is slightly better.} O-O-O 14. h3 Nf6 15. e5 (15. Rac1 {seems wilder.} Kb7 16. b4 Rhe8 17. b5 cxb5 18. Nxb5 a6 19. Nxd6+ Bxd6 20. Bxd6 Nxe4 21. c5) 15... dxe5 16. Bxe5 Rxd1 17. Rxd1 Rd8 18. Rxd8+ Kxd8 $14 {[%mdl 4096] Endgame KBN-KBN} 19. Na4 g6 20. Bd4 a6 21. Bc5 Nd7 22. Bxe7+ Kxe7 $11 {KN-KN} 23. b4 e5 24. Kd3 f5 25. f3 Kd6 26. Nc3 a5 27. c5+ Kc7 {The position is equal.} 28. a3 axb4 29. axb4 Nf8 30. Nd1 Ne6 {[#] Threatens to win with ...Nf4+.} 31. Ne3 Kd7 32. Kc4 Nc7 33. Nd1 Ke6 34. Nc3 Nd5 35. Nxd5 cxd5+ 36. Kc3 Kd7 37. b5 f4 38. Kd3 {Accuracy: White = 55%, Black = 63%.} 1/2-1/2

[Event "23rd OIBM 2019"]
[Site "Gmund am Tegernsee"]
[Date "2019.10.28"]
[Round "3.12"]
[White "Baum, Jonasz"]
[Black "Gukesh D"]
[Result "1/2-1/2"]
[WhiteElo "2341"]
[BlackElo "2520"]
[Annotator "TA"]
[PlyCount "30"]
[EventDate "2019.10.17"]
[EventType "swiss"]
[EventCountry "GER"]
[SourceTitle "playchess.com"]
[Source "ChessBase"]
[SourceQuality "1"]

{[%evp 14,30,49,47,59,13,12,-13,-15,-15,0,0,0,0,42,29,15,30,116]} 1. d4 Nf6 2. c4 e6 3. Nf3 d5 4. g3 dxc4 5. Bg2 a6 6. O-O Nc6 7. e3 Rb8 8. Nfd2 e5 {E04: Open Catalan: 5 Nf3} 9. Nxc4 (9. Bxc6+ $5 bxc6 10. dxe5 $14) (9. Bxc6+ bxc6 10. dxe5 Ng4 11. Nxc4 Be6 12. Qe2 h5 13. Rd1 Qc8 14. Qf3 Rb6 15. Nxb6 cxb6 16. h4 Nxe5 {½-½ (41) Grischuk,A (2759)-Ding,L (2811) Khanty-Mansiysk 2019}) 9... exd4 10. exd4 Nxd4 {The position is equal.} 11. Re1+ $146 ({Predecessor:} 11. Be3 Nc6 12. Bxc6+ bxc6 13. Qxd8+ Kxd8 14. Ne5 Ke8 15. Nxc6 Rxb2 16. Nc3 {½-½ (40) Ererdem,G (2136)-Atakisi,U (2361) Antalya 2017}) 11... Be6 12. Na5 Qd7 13. Nxb7 Be7 (13... c5 $5 {[%cal Rb8b7]} 14. Na5 Be7 $11) 14. Bf4 O-O {[#] Strongly threatening ...Bg4.} 15. Nc3 Rbc8 (15... Rfe8 $11) 1/2-1/2

[Event "23rd OIBM 2019"]
[Site "Gmund am Tegernsee"]
[Date "2019.10.28"]
[Round "3.13"]
[White "Asadli, Vugar"]
[Black "Hess, Max"]
[Result "1-0"]
[WhiteElo "2513"]
[BlackElo "2373"]
[Annotator "TA"]
[PlyCount "85"]
[EventDate "2019.10.17"]
[EventType "swiss"]
[EventCountry "GER"]
[SourceTitle "playchess.com"]
[Source "ChessBase"]
[SourceQuality "1"]

{[%evp 9,85,20,12,0,13,12,6,9,14,6,31,14,19,14,13,8,16,12,28,-6,-1,-13,-16,-14,3,-60,-13,-25,31,24,57,0,41,-11,-19,-32,0,0,0,-7,-18,-27,39,23,16,28,30,0,32,-5,43,45,43,58,37,7,255,241,472,479,821,816,1055,1222,1023,1136,988,1091,1793,1764,1684,1674,1542,1377,6334,5720,2587,2587]} 1. e4 c5 2. Nc3 Nc6 3. Bb5 Nd4 4. Nf3 a6 5. Bd3 g6 6. Rb1 {B23: Closed Sicilian: Lines without g3} Bg7 7. b4 cxb4 8. Rxb4 {The position is equal.} Nc6 9. Rb1 b5 $146 {[%cal Bb7b5,Bb5b4][%mdl 32]} ({Predecessor:} 9... Nf6 10. Bb2 O-O 11. Nd5 e6 12. Nxf6+ Bxf6 13. Bxf6 Qxf6 {½-½ (30) Firouzja,A (2669)-Cornette,M (2556) Reykjavik 2019}) 10. O-O Nf6 11. a4 b4 12. Nd5 a5 13. Bb2 O-O 14. Nxf6+ Bxf6 15. Bxf6 exf6 16. Bb5 Bb7 17. d4 ({White should play} 17. Re1 $11) 17... Rc8 (17... d5 $5 {[%cal Rd5e4]} 18. e5 fxe5 19. dxe5 Qc7 $15) 18. Re1 Na7 (18... d5 $11) 19. Bd3 $14 d6 20. c4 (20. Qd2 $14) 20... Ba6 21. Qb3 (21. Qc1 $14) 21... Nc6 $11 22. Rbd1 Qc7 23. h4 Nb8 {[%cal Ra6c4]} 24. Rc1 Nd7 25. Bf1 Qb7 ({Better is} 25... Rfe8 $11) 26. h5 Rfe8 ({Don't go for} 26... gxh5 $2 27. Nh4 $18) 27. Nd2 Qa7 28. Nf3 (28. Qb2 {is more complex.} Bb7 29. Re3 Nb6 30. Qa1 Ba6 31. Rh3) 28... Re7 ({Worse is} 28... gxh5 29. Nh4 $18) 29. h6 Rce8 30. c5 $1 {[%cal Rc5d6]} dxc5 31. Bxa6 Qxa6 32. dxc5 Ne5 $2 (32... Rc8 $11 {and Black stays safe.}) 33. Nxe5 $18 Rxe5 $2 (33... fxe5 {might work better.} 34. c6 Qc8) 34. c6 {White is clearly winning.} Rc8 (34... Qa7 $142 35. Qf3 f5) 35. Red1 Kf8 36. Rd7 {[%csl Gd7][%cal Rb3f7] [#]} Re6 37. Qd5 Qa8 38. Rc5 Ke8 39. Rb7 {Qd7+ would kill now.} Rd8 {[#]} 40. c7 $1 {[%mdl 512]} Rxd5 41. Rb8+ {[%mdl 64] Double Attack} Ke7 42. exd5 (42. Rxa8 $2 {loses.} Rxc5 43. c8=Q Rxc8 $19) 42... Re1+ 43. Kh2 {Accuracy: White = 57%, Black = 29%.} 1-0

[Event "23rd OIBM 2019"]
[Site "Gmund am Tegernsee"]
[Date "2019.10.28"]
[Round "3.14"]
[White "Kueppers, Timo"]
[Black "Engel, Luis"]
[Result "1-0"]
[WhiteElo "2250"]
[BlackElo "2507"]
[Annotator "TA"]
[PlyCount "89"]
[EventDate "2019.10.17"]
[EventType "swiss"]
[EventCountry "GER"]
[SourceTitle "playchess.com"]
[Source "ChessBase"]
[SourceQuality "1"]

{[%evp 9,89,11,6,0,0,0,8,0,15,0,-1,8,-10,-32,-6,-29,-38,-24,-2,0,12,-16,-32,-133,-135,-133,-147,-142,-147,-134,-134,-119,-104,-77,-103,-100,-12,-17,-17,-71,-68,-41,-22,-22,-17,-26,0,0,0,6,123,121,109,118,177,183,195,186,185,193,197,201,552,552,1106,1104,934,600,7473,5814,29975,29976,29976,29977,29975,29977,29978,29978,29976,29977,29990,1557]} 1. e4 c5 2. Nf3 Nc6 3. Nc3 d6 4. g3 g6 5. d4 (5. Bg2 Bg7 6. O-O e5 7. a3 Nge7 8. b4 O-O 9. bxc5 dxc5 10. d3 h6 11. Be3 b6 12. Nd5 Be6 13. c4 Kh7 14. Nd2 {1-0 (52) Mamedov,R (2703)-Rusev,K (2520) Skopje 2018}) 5... cxd4 6. Nxd4 {B50: Sicilian: 2...d6, Miscellaneous} Bg7 7. Nde2 f5 8. Bg2 {The position is equal.} Nf6 9. O-O O-O 10. exf5 $146 ({Predecessor:} 10. Nf4 fxe4 11. Nxe4 Nxe4 12. Qd5+ Kh8 13. Bxe4 Nd4 14. Qc4 e6 {½-½ (56) Brendel,O (2360)-Naumann,F (2250) Niedersachsen 1994}) 10... Bxf5 11. Re1 Rc8 12. Nf4 Qd7 13. Ncd5 Ng4 14. c3 g5 15. Nh5 {[#]} Nxf2 $1 {[%mdl 512]} 16. Qb3 (16. Qd2 $15 Nh3+ 17. Bxh3 Bxh3 18. Qxg5 (18. Nxg7 $2 Ne5 $19)) (16. Kxf2 Bg4+) 16... e6 $36 {[%mdl 2048] Strongly threatening ...Nh3+. Black has strong initiative.} 17. Kxf2 {aiming for Kg1.} Bc2+ $1 ({And not} 17... exd5 18. Kg1 $16 (18. Bxd5+ Kh8 $11)) 18. Ndf6+ Bxf6 19. Qxe6+ Qxe6 20. Rxe6 Bxc3+ $1 21. Kg1 Bd4+ 22. Kh1 Rce8 (22... Bg6 $17 23. g4 Nb4 24. Bxg5 Bxb2) 23. Rxe8 $11 Rxe8 24. Bxg5 {[#]} (24. Bd5+ $11 {remains equal.} Kf8 25. Bxg5) 24... Re5 $1 $17 {[%cal Re5g5]} ({Much weaker is} 24... Bxb2 25. Rf1 $11) 25. Nf6+ Kg7 26. Bh4 $1 Bxb2 27. Rf1 Bd4 28. g4 Bg6 {[#]} 29. Nh5+ $1 {[%mdl 512]} Bxh5 (29... Kg8 $11 {keeps the balance.}) 30. Bf6+ $16 {[%mdl 64] Double Attack} Kh6 31. Bxe5 Bxe5 (31... dxe5 $16 32. gxh5 Nb4) 32. gxh5 {[%mdl 4096] Endgame KRB-KBN} Nb4 {[#]} 33. a3 $1 {[%cal Ra3b4]} Nc2 34. a4 Ne3 35. Rf7 Nxg2 $2 (35... Kxh5 {is tougher.} 36. Rxh7+ (36. Rxb7 Bd4 $18) 36... Kg5 37. Bxb7 a5) 36. Kxg2 $18 {KR-KB} a5 37. Rxb7 Bc3 38. Kf3 d5 39. Kg4 d4 40. Rb6+ {White mates.} Kg7 41. h6+ Kf7 42. Kf5 Bd2 43. Rb7+ Kg8 44. Rg7+ Kh8 45. Ra7 {Accuracy: White = 69%, Black = 36%.} (45. Kf6 $142 Bxh6 46. Ra7 Kg8 47. Rxa5 Bg7+ 48. Kf5 d3 49. Rd5 Bc3 50. a5) 1-0

[Event "23rd OIBM 2019"]
[Site "Gmund am Tegernsee"]
[Date "2019.10.28"]
[Round "3.15"]
[White "Vetoshko, Volodymyr"]
[Black "Moehn, Hans"]
[Result "1-0"]
[WhiteElo "2506"]
[BlackElo "2370"]
[Annotator "TA"]
[PlyCount "85"]
[EventDate "2019.10.17"]
[EventType "swiss"]
[EventCountry "GER"]
[SourceTitle "playchess.com"]
[Source "ChessBase"]
[SourceQuality "1"]

{[%evp 14,85,77,48,62,62,63,63,61,60,60,60,71,70,68,70,77,75,77,58,85,68,69,75,72,58,70,68,66,48,49,33,42,36,43,31,55,43,177,190,395,376,357,329,616,622,554,473,382,260,511,440,435,414,408,403,381,374,947,690,691,680,29993,29994,29994,29995,29995,-645,29996,29997,29997,29998,29998,29999]} 1. d4 Nf6 2. c4 g6 3. Nc3 Bg7 4. e4 d6 5. Be2 O-O 6. Be3 e5 7. d5 a5 8. g4 Na6 {E73: King's Indian: Averbakh Variation without 6...c5} 9. h4 Nc5 10. f3 h5 {White is slightly better.} 11. g5 Nfd7 (11... Nh7 12. Kd2 Bd7 13. Nh3 c6 14. Nf2 cxd5 15. exd5 f5 16. gxf6 Nxf6 17. Bxc5 dxc5 {0-1 (37) Vallejo Pons,F (2705)-Radjabov,T (2741) Palma de Mallorca 2017}) 12. Nh3 Nb6 13. Nf2 Bd7 14. Qd2 Qe7 15. O-O-O Rfd8 16. Kb1 Be8 17. Nb5 $146 ({Predecessor:} 17. b3 Nbd7 18. Rc1 {½-½ (18) Schmidt,W (2247)-Banach,S (1973) Poznan 2019}) 17... Bf8 18. Na3 c6 19. Rc1 Qc7 20. Rhd1 Nbd7 21. Nh1 Na6 22. Ng3 Ndc5 23. Rf1 Bg7 24. f4 exf4 25. Rxf4 Nd7 (25... Be5 $14) 26. Bxh5 $18 gxh5 $2 (26... Nac5) 27. Nxh5 Ne5 28. Bd4 Rac8 $2 (28... f5) 29. Nf6+ ({Less strong is} 29. Nxg7 Kxg7 30. Rf6 Qe7 $18) 29... Kf8 30. Rcf1 Nb4 31. Qe2 Nbd3 $2 (31... cxd5 {was called for.} 32. exd5 Nbd3 33. Bxe5 dxe5) 32. Rf5 Bd7 33. Nxd7+ Rxd7 ({And not} 33... Qxd7 34. h5 $18) 34. h5 Kg8 35. h6 Bh8 $2 (35... Bf8 36. h7+ Kh8 37. Qxd3 Bg7) 36. Qh5 {Threatens to win with h7+.} Kh7 {[#]} 37. Bb6 $1 {[%mdl 512]} Qxb6 {[%csl Gd3][%cal Rb6b2] [#]} 38. Rxf7+ $1 Rxf7 39. Rxf7+ Bg7 40. hxg7+ Kg8 {[%csl Gd3][%cal Rb6b2] [#]} 41. Rf8+ $1 {[%mdl 576] Promotion. White mates.} Rxf8 42. Qh8+ Kf7 43. gxf8=Q+ {Accuracy: White = 86%, Black = 47%.} 1-0

[Event "23rd OIBM 2019"]
[Site "Gmund am Tegernsee"]
[Date "2019.10.28"]
[Round "3.16"]
[White "Loew, Gerald"]
[Black "Korneev, Oleg"]
[Result "0-1"]
[WhiteElo "2162"]
[BlackElo "2504"]
[Annotator "TA"]
[PlyCount "86"]
[EventDate "2019.10.17"]
[EventType "swiss"]
[EventCountry "GER"]
[SourceTitle "playchess.com"]
[Source "ChessBase"]
[SourceQuality "1"]

{[%evp 11,118,0,0,0,11,0,0,0,-6,0,0,0,11,-28,-19,-28,-27,-20,0,-11,0,8,12,14,0,0,0,-25,0,0,0,-8,8,-22,-22,-22,-9,-35,-14,-21,0,-35,-22,-20,-9,-40,-2,-3,-4,-4,-5,-23,-23,-23,-23,-23,-23,-23,-23,-25,-12,-28,-12,-23,-4,-4,0,-5,-5,-57,-57,-57,-5,-57,-57,-57,-18,-51,-40,-45,-35,-131,-131,-131,-131,-131,-138,-131,-131,-290,-290,-193,-184,-407,-409,-520,-519,-510,-510,-575,-560,-472,-493,-835,-799,-837,-836,-793,-797]} 1. c4 e5 2. Nc3 Nc6 3. Nf3 Nf6 4. e3 Bb4 5. Qc2 Bxc3 6. bxc3 O-O 7. e4 {A28: English Opening: Four Knights Variation} (7. d3 d6 8. Be2 Ne8 9. O-O f5 10. Ne1 Nf6 11. c5 d5 12. d4 e4 13. c4 Be6 14. Rb1 Rb8 {0-1 (56) Le,Q (2708)-Aronian,L (2758) Khanty-Mansiysk 2019}) 7... d6 8. g3 h6 9. Rb1 $146 {The position is equal.} ({Predecessor:} 9. Bg2 Be6 10. d3 Qd7 11. Rb1 {½-½ (57) Watson,B (2275)-Milligan,H (1996) Auckland 2017}) 9... b6 10. d3 Be6 11. Bg2 Qd7 12. O-O Bh3 13. Nh4 Bxg2 14. Kxg2 Nh7 15. Qa4 Rad8 16. Nf5 {And now Qxc6! would win.} Ne7 17. Qxd7 Rxd7 18. Nxe7+ Rxe7 19. Be3 Nf6 20. f3 Nd7 21. a4 a5 22. Kf2 f5 23. Ke2 Kh7 24. Bg1 Rf6 25. Be3 Nf8 26. Bg1 Ne6 27. Be3 Ref7 28. Rbd1 f4 29. gxf4 Nxf4+ 30. Bxf4 Rxf4 $11 {[%mdl 4096] Endgame KRR-KRR} 31. Rf2 g5 32. Rg1 Kg6 33. Rg3 R7f6 34. Ke3 Kf7 35. h3 Ke6 36. d4 Rf7 37. Rg4 c6 38. d5+ Ke7 39. Rg3 Kd7 40. Rb2 (40. Rg4 $1 $11) 40... Kc7 $15 41. Rf2 Kb7 ({Black should try} 41... Rh4 $1 $15) 42. Rd2 ({White should play} 42. Rg4 $1 $11) 42... Rf8 43. Rf2 Rc8 {Played: Rf4-f7} 0-1

[Event "23rd OIBM 2019"]
[Site "Gmund am Tegernsee"]
[Date "2019.10.28"]
[Round "3.17"]
[White "Krzyzanowski, Marcin"]
[Black "Paris, Michael"]
[Result "1-0"]
[WhiteElo "2500"]
[BlackElo "2186"]
[Annotator "TA"]
[PlyCount "59"]
[EventDate "2019.10.17"]
[EventType "swiss"]
[EventCountry "GER"]
[SourceTitle "playchess.com"]
[Source "ChessBase"]
[SourceQuality "1"]

{[%evp 9,59,6,5,6,16,16,18,16,32,14,15,12,32,32,34,35,45,38,43,10,7,5,0,-1,0,0,0,0,0,0,-19,-9,0,-7,0,5,120,137,130,137,116,138,450,445,758,754,745,697,787,714,702,687]} 1. d4 d5 2. Nf3 e6 3. Bf4 Nf6 4. e3 Bd6 5. Nbd2 O-O 6. Bd3 {D02: 1 d4 d5 2 Nf3 sidelines, including 2...Nf6 3 g3 and 2...Nf6 3 Bf4} c5 (6... b6 7. Ne5 c5 8. c3 Ba6 9. Bxa6 Nxa6 10. h4 Qc7 11. h5 Nd7 12. h6 g6 13. Nxd7 Qxd7 14. Bxd6 Qxd6 {½-½ (34) Demchenko,A (2655)-So,W (2767) Khanty-Mansiysk 2019}) 7. dxc5 Bxc5 8. O-O {The position is equal.} Bd6 9. Bxd6 Qxd6 10. e4 Nc6 $146 ({Predecessor:} 10... dxe4 11. Nxe4 Nxe4 12. Bxe4 Qf4 {1-0 (27) Lehnert,C-Bajramovic,B (2118) Hessen 2017}) 11. Re1 {[#] e5 is the strong threat.} e5 12. exd5 Qxd5 13. Ne4 Qd8 14. Qe2 Nd5 15. Bc4 Nf4 $1 {[%cal Rf4e2]} 16. Qe3 Be6 17. Bb5 {And now Bxc6 would win.} f6 18. Rad1 $36 {[%mdl 2048] White has some pressure.} Qc7 19. g3 Nd5 20. Qc5 Rad8 21. c3 Nce7 22. c4 Bg4 (22... Qxc5 $11 23. Nxc5 Nc7) 23. cxd5 $16 Qxc5 24. Nxc5 {[#] Black must now prevent Kg2.} Bxf3 25. Rd3 ({Of course not} 25. Nxb7 $6 Rb8 $11) 25... Rc8 $2 {[%mdl 8192]} (25... Bxd5 $16 26. Red1 Kf7) 26. d6 $18 {White is clearly winning.} Nf5 (26... Ng6 $142) 27. Bc4+ ({And not} 27. Rxf3 Rxc5 28. Ba4 Nxd6 $11) 27... Kh8 28. d7 ({Worse is} 28. Rxf3 Nd4 $11) 28... Nd4 29. dxc8=Q Rxc8 30. Ne6 {Accuracy: White = 82%, Black = 31%.} 1-0

[Event "23rd OIBM 2019"]
[Site "Gmund am Tegernsee"]
[Date "2019.10.28"]
[Round "3.18"]
[White "Kamsky, Gata"]
[Black "Huber, Benedikt"]
[Result "1-0"]
[WhiteElo "2685"]
[BlackElo "2167"]
[Annotator "TA"]
[PlyCount "53"]
[EventDate "2019.10.17"]
[EventType "swiss"]
[EventCountry "GER"]
[SourceTitle "playchess.com"]
[Source "ChessBase"]
[SourceQuality "1"]

{[%evp 9,53,0,12,19,18,0,56,59,58,30,62,52,60,61,77,49,45,40,58,50,236,233,264,190,183,189,187,193,181,171,168,167,190,160,166,160,202,179,185,193,561,584,589,571,608,555]} 1. e4 c5 2. Nc3 e6 3. Nf3 Nc6 4. Bb5 Nd4 5. a4 Nxf3+ (5... a6 6. Bd3 Nxf3+ 7. Qxf3 Bd6 8. O-O Qc7 9. h3 Ne7 10. Re1 Bh2+ 11. Kh1 Be5 12. b3 O-O 13. Bb2 Nc6 {0-1 (46) Sokolin,L (2508)-Grachev,B (2626) St Petersburg 2018}) 6. Qxf3 {B30: Sicilian: 2...Nc6 3 Bb5, lines without ...g6} Ne7 $146 ({Predecessor:} 6... Bd6 7. d3 Ne7 8. O-O O-O 9. Qh5 Nc6 10. f4 f5 11. Be3 b6 12. Bxc6 dxc6 13. Rad1 Ba6 14. Rf2 Qe8 15. Qh3 Rd8 16. Kh1 c4 17. dxc4 {½-½ (17) Fransson,J (2223)-Labahn,W (2179) Germany 2004}) 7. b3 (7. d3 {feels hotter.} Ng6 8. O-O a6 9. Bc4 Be7 10. Bb3) 7... Nc6 ({Black should try} 7... a6 $11 8. Bc4 Nc6) 8. Bxc6 $14 {White is slightly better.} bxc6 9. Qg3 Ba6 10. d3 d5 11. O-O g6 12. Re1 Bg7 13. e5 Qc7 14. a5 O-O-O $2 (14... Bb5 $14) 15. Na4 $18 c4 16. Nc5 $36 {[%mdl 2048] Keeping Black busy.} Bb5 17. Bg5 {[#] Threatens to win with bxc4.} cxd3 18. Bxd8 ({Don't do} 18. cxd3 $6 Rde8 $16) ({Don't take} 18. Nxd3 $6 Rdf8 $16) 18... Rxd8 19. Nxd3 d4 20. b4 Rd5 21. f4 Bf8 22. Rab1 Qb7 23. Nf2 Ba4 24. c4 Rd7 $2 {[#]} (24... dxc3 25. Qxc3 Bb5) 25. Rec1 {White is clearly winning.} Bxb4 26. c5 Qb8 27. a6 {Accuracy: White = 72%, Black = 41%.} 1-0